War? Lyrics - Statistics

General Stats
  • This quiz has been taken 4 times
  • The average score is 9 of 23
Answer Stats
Lyrics % Correct
His child, partisan brother of {war}
100%
No, we will fight the {heathens}, we will fight the {heathens}
100%
Of {war}, we don't speak anymore
100%
To fight the {heathens}
100%
We will fight the {heathens}, we will fight the {heathens}
100%
Powers of {bright} {darkness}
67%
We must call upon our {bright} {darkness}
67%
Dark is the light, the {man} you fight
33%
Needs a reason to kill a man, history {teaches} {us} {so}
33%
No international security, no call of the {righteous} man
33%
Was it the {riches} of the land
33%
When the {Holy} {Land} was taken
33%
Who victored over the {Seljuks}
33%
With all your {prayers}, incantations
33%
A gentile or a {priest}?
0%
Beliefs, they're the {bullets} of the wicked
0%
For you must {enter} {a} {room} to destroy it, destroy it, destroy it
0%
Of judgement and {deliverance}
0%
One was {written} on the sword
0%
Running away, {a} {trivial} {day}
0%
That led the {noble} to the East
0%
The reason he must attain must {be} {approved} by his god
0%
To whom {was} {sold} this bounty soul
0%
No matching quizzes found
Score Distribution
Percent of People with Each Score
Percentile by Number Answered
Your Score History
You have not taken this quiz